And He gave teachers. (Record no. 14204)

000 -LEADER
fixed length control field 00696nam a2200193 a 4500
001 - CONTROL NUMBER
control field :::00012031$&:&@@
003 - CONTROL NUMBER IDENTIFIER
control field OkBaRHE
005 - DATE AND TIME OF LATEST TRANSACTION
control field 20100402121134.0
008 - FIXED-LENGTH DATA ELEMENTS--GENERAL INFORMATION
fixed length control field s1955 j 000 0 eng u
040 ## - CATALOGING SOURCE
Transcribing agency
100 1# - MAIN ENTRY--PERSONAL NAME
Personal name Hurst, Duane V.
245 10 - TITLE STATEMENT
Title And He gave teachers.
260 ## - PUBLICATION, DISTRIBUTION, ETC. (IMPRINT)
Place of publication, distribution, etc Springfield, MO., :
Name of publisher, distributor, etc Gospel Publishing House
Date of publication, distribution, etc 1955
300 ## - PHYSICAL DESCRIPTION
Extent 185 p. ;
Dimensions 20 cm.
650 ## - SUBJECT ADDED ENTRY--TOPICAL TERM
Topical term or geographic name as entry element Assemblies of God, Sunday schools
942 ## - ADDED ENTRY ELEMENTS (KOHA)
Source of classification or shelving scheme
Koha item type Books
Copies
Withdrawn status Not for loan Permanent Location Barcode Price effective from Koha item type Date last seen Shelving location Date acquired Damaged status Lost status Copy number Full call number Source of classification or shelving scheme
  RHEMA Bible Training College120312010-04-14Books2010-04-14General Stacks2010-04-14  1BX 8769 .A348 A5 1955 
  RHEMA Bible Training College152972010-04-14Books2010-04-14General Stacks2010-04-14  2BX 8769 .A348 A5 1955